|
|
|
|
| LEADER |
00000nam0a2200000 4500 |
| 001 |
23791 |
| 005 |
20231030195927.0 |
| 010 |
|
|
|a 9856102863
|
| 035 |
|
|
|a (RuTPU)RU\TPU\book\24016
|
| 035 |
|
|
|a BOOK00024089
|
| 090 |
|
|
|a 23791
|
| 100 |
|
|
|a 20011209d2000 m y0rusy50 ca
|
| 101 |
0 |
|
|a rus
|
| 102 |
|
|
|a BY
|
| 105 |
|
|
|a y j 000zy
|
| 200 |
1 |
|
|a Управление персоналом
|e учебное пособие
|f Н. П. Беляцкий, С. Е. Велесько, П. Ройш
|
| 210 |
|
|
|a Минск
|c Экоперспектива
|d 2000
|
| 215 |
|
|
|a 320 с.
|
| 610 |
1 |
|
|a экономика
|
| 610 |
1 |
|
|a труд
|
| 610 |
1 |
|
|a кадры
|
| 610 |
1 |
|
|a персонал
|
| 610 |
1 |
|
|a управление
|
| 610 |
1 |
|
|a учебные пособия
|
| 686 |
|
|
|a У9(2)240я73
|v LBC/SL-A
|2 rubbk
|
| 700 |
|
1 |
|a Беляцкий
|b Н. П.
|g Николай Петрович
|
| 701 |
|
1 |
|a Велесько
|b С. Е.
|g Сергей Евгеньевич
|
| 701 |
|
1 |
|a Ройш
|b П.
|g Питер
|
| 801 |
|
0 |
|a BY
|b 63413507
|c 20011209
|g PSBO
|
| 801 |
|
2 |
|a RU
|b 63413507
|c 20081124
|g PSBO
|
| 942 |
|
|
|c BK
|